Joueurs ayant le plus de capitanats avec le XV de France. - Statistiques

Statistiques générales
  • Ce quiz a été pris 261 fois
    229 depuis la dernière actualisation
  • Le résultat moyen est 7 sur 27
Statistiques - réponses
Capitanats Période Joueurs % Correct
32 2021-... Antoine Dupont
98%
56 2006-2015 Thierry Dusautoir
90%
17 2020-… Charles Ollivon
75%
33 2008-2019 Guilhem Guirado
68%
25 1991-2003 Fabien Galthié
58%
17 1980-1991 Serge Blanco
55%
42 1995-2007 Fabien Pelous
50%
41 1996-2007 Raphaël Ibañez
37%
34 1975-1984 Jean-Pierre Rives
32%
34 1990-1997 Philippe Saint-André
32%
14 2004-2015 Pascal Papé
28%
13 1981-1991 Pierre Berbizier
18%
16 2000-2012 Lionel Nallet
13%
21 1972-1977 Jacques Fouroux
11%
16 1945-1955 Jean Prat
11%
25 1979-1988 Daniel Dubroca
8%
22 1957-1966 Michel Crauste
8%
11 1964-1973 Walter Spanghero
8%
12 1979-1990 Philippe Dintrans
5%
12 1920-1929 Adolphe Jauréguy
3%
18 1966-1971 Christian Carrère
3%
24 1945-1952 Guy Basquet
2%
12 1920-1924 René Crabos
2%
12 1924-1933 Eugène Ribère
1%
18 1956-1961 François Moncla
1%
13 1906-1913 Marcel Communeau
1%
12 1953-1961 Michel Celaya
1%
Aucun quiz correspondant
Distribution des résultats
% des personnes avec chaque résultat
Percentile par nombre de réponses
Votre historique - résultats
Vous n’avez pas pris ce quiz depuis la dernière actualisation